That Can't Be True! #3 - Statistics

General Stats
  • This quiz has been taken 106 times
  • The average score is 11 of 24
Answer Stats
Question Answer % Correct
Which statement is true? A penguin has a knighthood.
83%
Which statement is true? There’s an underwater postbox in the Pacific.
67%
Which statement is true? All of George Foreman’s sons have the same name.
65%
Which statement is true? Fish-and-chips gelato is a thing.
59%
Which statement is true? Just 18 out of 1 million LEGO pieces are defective
59%
Which statement is true? There’s a precise speed where jogging becomes running.
59%
Which statement is true? Clouds are extremely heavy.
55%
Which statement is true? King Tut owned a meteorite dagger.
55%
Which statement is true? Female kangaroos have two uteri and three vaginas.
53%
Which statement is true? There is a Museum of Failure.
53%
Which statement is true? The youngest Olympian was 10 years old.
53%
Which statement is true? The original Back to the Future time machine was a fridge.
51%
Which statement is true? The sharpest memories for the elderly are from early adulthood.
48%
Which statement is true? Goosebumps are caused by a muscle.
45%
Which statement is true? Oxford University Is older than the Aztec Empire.
45%
Which statement is true? There is a species of jellyfish that never dies.
44%
Which statement is true? The Twitter bird has a name.
40%
Which statement is true? The filling in Kit Kats is made from damaged Kit Kats.
38%
Which statement is true? Dolphins go on killing sprees.
33%
Which statement is true? Princeton University’s first graduate student was a U.S. president
28%
Which statement is true? Fried maple leaves are a popular snack in Japan.
27%
Which statement is true? The official bird of Redondo Beach, California, is the Goodyear Blimp.
23%
Which statement is true? People in Medieval England had rap battles.
20%
Which statement is true? There’s a peak cuteness for puppies.
17%
No matching quizzes found
Score Distribution
Percent of People with Each Score
Percentile by Number Answered
Your Score History
You have not taken this quiz